000 00636nam a2200277Ia 4500
005 20260324121649.0
008 008 260324s9999 xx 000 0 eng d
020 _a9781315815268
037 _aEBOOK
040 _aCRL
040 _beng
040 _cCRL
041 _2eng
041 _aeng
084 _qCRL
100 _aJeffrey Alexander
_91163389
245 0 _aTheoretical Logic in Sociology
260 _bTaylor and Francis
260 _c2014
365 _a
365 _b780
856 _uhttp://www.taylorfrancis.com/books/9781315815268
942 _cEBOOK
999 _c1755641
_d1755641